| 000 | 01202cam a22003497a 4500 | ||
|---|---|---|---|
| 003 | CHAP | ||
| 005 | 20230904120746.0 | ||
| 008 | 990323d1994 us a r 00010 eng d | ||
| 010 | _a77350 | ||
| 011 | _a78322 | ||
| 020 | _a0849353742 | ||
| 035 | _a88227 | ||
| 040 | _cCHAP | ||
| 082 | 0 | 4 |
_a633.883913 _bP3 |
| 100 | 0 | 0 |
_aParedes López, Octavio _eed. _985515 |
| 245 | 1 | 0 |
_aAmaranth biology, chemistry and tecnology _c/ed. by Octavio Paredes-López |
| 260 |
_aBoca de Ratón, Fl. : _bCRC, _c1994. |
||
| 300 |
_a223 p. : _bilus. ; gráfs. |
||
| 590 |
_aBATCH-UPD _b10 _c20130110 _lUCH01 _h0421 |
||
| 590 |
_aBATCH-UPD _b10 _c20130110 _lUCH01 _h2305 |
||
| 590 |
_aBATCH-UPD _b10 _c20130410 _lUCH01 _h1557 |
||
| 590 |
_aBATCH-UPD _b10 _c20130913 _lUCH01 _h1849 |
||
| 590 |
_aCONVERSION _b10 _c20130109 _lUCH01 _h1343 |
||
| 650 | 1 | 4 |
_aAceite de amaranto. _9421 |
| 650 | 1 | 4 |
_aAmaranto. _95109 |
| 901 | _aBK | ||
| 905 | _aGuadalupe Pinto C. | ||
| 942 | _cLIBRO | ||
| 949 |
_a633.883913 P3 _bBC _cLIBRO _d33724000730461 _eLIBRO _h94695 _i88227 _sb |
||
| 949 |
_a633.883913 P3 _bBC _cLIBRO _d33724000730677 _eLIBRO _fc.3 _h94697 _i88227 _si |
||
| 949 |
_a633.883913 P3 _bBC _cLIBRO _d33724000730685 _eLIBRO _fc.2 _h94696 _i88227 _si |
||
| 999 |
_c77350 _d77350 |
||